| Tag |
First Indicator |
Second Indicator |
Subfields |
| LEADER |
00000cam a2200000 a 4500 |
| 001 |
in00000026808 |
| 005 |
20151007054544.0 |
| 008 |
870930r19871950enkag 00110 eng d |
| 010 |
|
|
|a gb 87000606
|
| 015 |
|
|
|a GB87-606
|
| 020 |
|
|
|a 0571139833 :
|c £27.50
|
| 035 |
|
|
|a (OCoLC)14240077
|
| 035 |
|
|
|9 AAB5483AM
|
| 040 |
|
|
|a UKM
|c UKM
|d TXA
|d UtOrBLW
|
| 049 |
|
|
|a TXAM
|c [A11114576]
|
| 050 |
1 |
0 |
|a ML410.C855
|
| 050 |
|
4 |
|a ML410.C855
|b M4 1987
|
| 082 |
0 |
|
|a 780/.92/4
|2 19
|
| 100 |
1 |
|
|a Mellers, Wilfrid,
|d 1914-2008.
|
| 245 |
1 |
0 |
|a Francois Couperin and the French classical tradition /
|c Wilfrid Mellers.
|
| 250 |
|
|
|a New rev. ed.
|
| 264 |
|
1 |
|a London :
|b Faber,
|c 1987.
|
| 300 |
|
|
|a xvi, 526 pages :
|b illustrations, music ;
|c 22 cm.
|
| 336 |
|
|
|a text
|b txt
|2 rdacontent
|
| 337 |
|
|
|a unmediated
|b n
|2 rdamedia
|
| 338 |
|
|
|a volume
|b nc
|2 rdacarrier
|
| 500 |
|
|
|a Previous edition: [Durham] : Dobson, 1950.
|
| 500 |
|
|
|a Includes index.
|
| 504 |
|
|
|a Bibliography: pages 505-513.
|
| 600 |
1 |
0 |
|a Couperin, François,
|d 1668-1733
|x Criticism and interpretation.
|
| 999 |
|
|
|a MARS
|
| 999 |
f |
f |
|s eefa9607-8617-34c4-acb7-7c917077ba22
|i 7934d829-42e7-3b38-9205-45c409650127
|t 0
|
| 952 |
f |
f |
|p ric
|a Texas A&M University
|b Rellis Campus
|c Joint Library Facility
|d Remote Storage
|t 0
|e ML410.C855 M4 1987
|h Library of Congress classification
|i unmediated -- volume
|m A14811114576
|
| 998 |
f |
f |
|a ML410.C855 M4 1987
|t 0
|l Remote Storage
|